[Event "Hamburg-chT Landesliga 1819"]
[Site "Hamburg"]
[Date "2019.04.14"]
[Round "9.3"]
[White "Adloff, Ralf"]
[Black "Thomaschke, Dirk"]
[Result "1/2-1/2"]
[WhiteElo "2101"]
[BlackElo "2146"]
[PlyCount "62"]
[EventDate "2018.10.21"]
[EventType "team-tourn"]
[EventRounds "9"]
[EventCountry "GER"]
[SourceTitle "EXT 2020"]
[Source "ChessBase"]
[SourceDate "2019.10.17"]
[SourceVersion "1"]
[SourceVersionDate "2019.10.17"]
[SourceQuality "1"]
[WhiteTeam "Eimsbuettel Union"]
[BlackTeam "St Pauli III"]
[WhiteTeamCountry "GER"]
[BlackTeamCountry "GER"]

1. e4 e5 2. Nf3 Nc6 3. Be2 Nf6 4. d3 d5 5. Nbd2 Bc5 6. c3 a5 7. 0-0 0-0 8. b3 Re8 9. a3 h6 10. Bb2 dxe4 11. dxe4 Nh5 12. g3 Bh3 13. Re1 Nf6 14. Bf1 Bxf1 15. Nxf1 Ng4 16. Re2 Qf6 17. Kg2 Rad8 18. Qc2 Qe6 19. b4 axb4 20. axb4 Bb6 21. h3 Nf6 22. Ne3 Nd4 23. cxd4 exd4 24. Nxd4 Bxd4 25. f3 Bxb2 26. Qxb2 Rd3 27. Ra3 Red8 28. Nd5 Rxa3 29. Nxf6+ Qxf6 30. Qxa3 Qd4 31. Qb2 Qd3 1/2-1/2

[Event "Oberliga Nord N 9900"]
[Site "Germany"]
[Date "2000.??.??"]
[Round "?"]
[White "Bartolomaeus, Christian"]
[Black "Thomaschke, Dirk"]
[Result "1-0"]
[WhiteElo "2230"]
[BlackElo "2035"]
[PlyCount "81"]
[EventDate "1999.10.??"]
[EventType "team"]
[EventRounds "9"]
[EventCountry "GER"]
[SourceTitle "EXT 2001"]
[Source "ChessBase"]
[SourceDate "2000.11.22"]
[SourceVersion "1"]
[SourceVersionDate "2000.11.22"]
[SourceQuality "1"]

1. e4 e5 2. Nf3 Nf6 3. Nc3 Nc6 4. Bb5 Bb4 5. 0-0 0-0 6. d3 d6 7. Bg5 Bxc3 8. bxc3 Qe7 9. Re1 Nd8 10. Rb1 Ne6 11. Bc1 a6 12. Bc4 b5 13. Bd5 Nxd5 14. exd5 Nc5 15. d4 Na4 16. Qd3 f6 17. c4 bxc4 18. Qxc4 Nb6 19. Qd3 Qf7 20. dxe5 fxe5 21. Be3 Bf5 22. Qb3 Rab8 23. Rbd1 Bg4 24. Ng5 Qg6 25. f3 Bf5 26. Ne4 Nd7 27. Qc4 Bxe4 28. fxe4 Nf6 29. Qxa6 Rb2 30. Qc4 Ng4 31. h3 Nxe3 32. Rxe3 Qh5 33. Rde1 Qh4 34. R3e2 g5 35. Qxc7 Rxa2 36. Qxd6 Rxc2 37. Qe6+ Rf7 38. Qxe5 Rc8 39. Qe6 Rcf8 40. Rf1 Qh5 41. Ref2 1-0

[Event "Oberliga Nord N 9900"]
[Site "Germany"]
[Date "2000.??.??"]
[Round "?"]
[White "Thomaschke, Dirk"]
[Black "Jannsen, Nils"]
[Result "1/2-1/2"]
[WhiteElo "2035"]
[BlackElo "2175"]
[PlyCount "86"]
[EventDate "1999.10.??"]
[EventType "team"]
[EventRounds "9"]
[EventCountry "GER"]
[SourceTitle "EXT 2001"]
[Source "ChessBase"]
[SourceDate "2000.11.22"]
[SourceVersion "1"]
[SourceVersionDate "2000.11.22"]
[SourceQuality "1"]

1. e4 e6 2. d4 d5 3. Nd2 Be7 4. Ngf3 Nf6 5. Bd3 dxe4 6. Nxe4 Nbd7 7. Nxf6+ Nxf6 8. Bg5 0-0 9. Qe2 Rb8 10. 0-0-0 c5 11. dxc5 Qa5 12. Kb1 Qxc5 13. h4 Qb6 14. Be3 Bc5 15. Ng5 e5 16. Bxc5 Qxc5 17. Rhe1 h6 18. Ne4 Qb6 19. Nxf6+ Qxf6 20. Qxe5 Qxe5 21. Rxe5 Be6 22. f4 Rfd8 23. Rde1 Bg4 24. a3 Kf8 25. b3 Rd5 26. g3 Rbd8 27. Kb2 g6 28. Re7 R5d7 29. R7e5 Rd4 30. Ra5 a6 31. Rae5 R4d7 32. R5e3 Kg7 33. Re7 Kf6 34. Rxd7 Rxd7 35. Kc3 a5 36. Re5 b6 37. Kc4 Rd6 38. Kb5 Bc8 39. Re3 h5 40. Re5 Bb7 41. Re3 Bc8 42. c4 Be6 43. c5 Bd7+ 1/2-1/2

[Event "Oberliga Nord N 0001"]
[Site "Germany"]
[Date "2000.??.??"]
[Round "?"]
[White "Thomaschke, Dirk"]
[Black "Jeske, Eckhard"]
[Result "1-0"]
[WhiteElo "2100"]
[BlackElo "2215"]
[PlyCount "87"]
[EventDate "2000.10.??"]
[EventType "team"]
[EventRounds "9"]
[EventCountry "GER"]
[SourceTitle "EXT 2004"]
[Source "ChessBase"]
[SourceDate "2003.11.25"]
[SourceVersion "1"]
[SourceVersionDate "2003.11.25"]
[SourceQuality "1"]

1. e4 c6 2. d4 g6 3. Nc3 Bg7 4. f4 d5 5. e5 h5 6. Nf3 Bf5 7. h3 a6 8. Bd3 Bxd3 9. Qxd3 e6 10. Be3 Ne7 11. 0-0 Nd7 12. b3 Rc8 13. Na4 Nf5 14. c4 dxc4 15. bxc4 b5 16. Nb2 0-0 17. Bf2 h4 18. c5 Bh6 19. Qe4 Kg7 20. Nd3 Nb8 21. a4 Qe7 22. Rfd1 Rfd8 23. Nh2 Kh7 24. Ng4 Bg7 25. axb5 axb5 26. Ne1 Rd7 27. Nf3 Rcd8 28. Kh2 Ra7 29. Qe1 Rxa1 30. Rxa1 Kg8 31. Rd1 Na6 32. Nxh4 g5 33. Nxf5 exf5 34. Ne3 gxf4 35. Nxf5 Qe6 36. Qe4 Nb4 37. Bh4 Ra8 38. Nxg7 Kxg7 39. Bf6+ Kg8 40. Qxf4 Nd5 41. Qg5+ Kf8 42. Qg7+ Ke8 43. Qg8+ Kd7 44. Qxa8 1-0

[Event "Wichern op 5th"]
[Site "Hamburg"]
[Date "1999.10.20"]
[Round "7.70"]
[White "Thomaschke, Dirk"]
[Black "Fraas, Henning"]
[Result "1-0"]
[WhiteElo "2066"]
[BlackElo "2200"]
[PlyCount "75"]
[EventDate "1999.10.15"]
[EventType "swiss"]
[EventRounds "9"]
[EventCountry "GER"]
[SourceTitle "EXT 2001"]
[Source "ChessBase"]
[SourceDate "2000.11.22"]
[SourceVersion "1"]
[SourceVersionDate "2000.11.22"]
[SourceQuality "1"]

1. e4 c6 2. d4 d5 3. exd5 cxd5 4. c4 Nf6 5. Nc3 Nc6 6. Nf3 Be6 7. c5 g6 8. h3 Bg7 9. Bf4 0-0 10. Bb5 Ne4 11. Rc1 Qa5 12. Bxc6 bxc6 13. a3 Rab8 14. Bxb8 Rxb8 15. Qa4 Qc7 16. b4 Qf4 17. Ne2 Qc7 18. 0-0 Bh6 19. Ne5 Rb5 20. Qa6 Bxc1 21. Rxc1 Bd7 22. f3 Nd2 23. Nc3 Rb8 24. Qd3 Nb3 25. Re1 Bf5 26. Qd1 f6 27. Nxc6 Qxc6 28. Qxb3 e6 29. b5 Qc7 30. Ne2 Qa5 31. Rb1 Qd2 32. Rb2 Qe1+ 33. Kh2 g5 34. b6 axb6 35. cxb6 Rb7 36. a4 Qf2 37. a5 Bxh3 38. Ng3 1-0

[Event "Wichern op 5th"]
[Site "Hamburg"]
[Date "1999.10.19"]
[Round "6.72"]
[White "Conrad, Christian"]
[Black "Thomaschke, Dirk"]
[Result "1/2-1/2"]
[WhiteElo "2209"]
[BlackElo "2066"]
[PlyCount "78"]
[EventDate "1999.10.15"]
[EventType "swiss"]
[EventRounds "9"]
[EventCountry "GER"]
[SourceTitle "EXT 2001"]
[Source "ChessBase"]
[SourceDate "2000.11.22"]
[SourceVersion "1"]
[SourceVersionDate "2000.11.22"]
[SourceQuality "1"]

1. d4 Nf6 2. Nf3 g6 3. c4 Bg7 4. Nc3 0-0 5. e4 d6 6. Be2 e5 7. 0-0 Nc6 8. d5 Ne7 9. Nd2 Nd7 10. b4 f5 11. c5 Nf6 12. Ba3 fxe4 13. Ndxe4 Nxe4 14. Nxe4 Nf5 15. b5 Bh6 16. Rb1 Qh4 17. Ng3 Bf4 18. cxd6 cxd6 19. Rb4 g5 20. Re1 Nd4 21. Nf1 Bf5 22. Rc4 Rf6 23. g3 Qh3 24. Bf3 Nxf3+ 25. Qxf3 Raf8 26. Qg2 Qxg2+ 27. Kxg2 Bd3 28. Rc3 Bd2 29. Nxd2 Rxf2+ 30. Kg1 Rxd2 31. Bxd6 Rff2 32. Rc8+ Kg7 33. Bxe5+ Kg6 34. Rg8+ Kh6 35. g4 Rg2+ 36. Kh1 Rgf2 37. Kg1 Rg2+ 38. Kh1 Rgf2 39. Kg1 Rg2+ 1/2-1/2

[Event "Oberliga Nord N 9899"]
[Site "Germany"]
[Date "1999.??.??"]
[Round "?"]
[White "Lindner, Daniel"]
[Black "Thomaschke, Dirk"]
[Result "1-0"]
[WhiteElo "2185"]
[BlackElo "2035"]
[PlyCount "69"]
[EventDate "1998.10.??"]
[EventType "team"]
[EventRounds "9"]
[EventCountry "GER"]
[SourceTitle "EXT 2000"]
[Source "ChessBase"]
[SourceDate "1999.11.16"]
[SourceVersion "1"]
[SourceVersionDate "1999.11.16"]
[SourceQuality "1"]

1. d4 Nf6 2. Nf3 g6 3. c4 Bg7 4. Nc3 0-0 5. e4 d6 6. Be2 e5 7. 0-0 Nc6 8. d5 Ne7 9. b4 Nh5 10. Qb3 Nf4 11. Bxf4 exf4 12. Rad1 h6 13. c5 g5 14. e5 dxe5 15. d6 Nf5 16. h3 Be6 17. Bc4 Bxc4 18. Qxc4 cxd6 19. Nb5 Qe7 20. Nxd6 Qe6 21. Qc2 Nxd6 22. Rxd6 Qe7 23. Rfd1 Rad8 24. Qe4 Rxd6 25. Rxd6 b6 26. Nd2 bxc5 27. bxc5 Rc8 28. Qd5 Bf8 29. Ne4 Rc7 30. c6 Kg7 31. Rd7 Rxd7 32. cxd7 Qd8 33. Qxe5+ Kg6 34. Qe8 Be7 35. Nd6 1-0

[Event "Oberliga Nord N 9899"]
[Site "Germany"]
[Date "1999.??.??"]
[Round "?"]
[White "Sahlender, Frank"]
[Black "Thomaschke, Dirk"]
[Result "1/2-1/2"]
[WhiteElo "2230"]
[BlackElo "2035"]
[PlyCount "34"]
[EventDate "1998.10.??"]
[EventType "team"]
[EventRounds "9"]
[EventCountry "GER"]
[SourceTitle "EXT 2000"]
[Source "ChessBase"]
[SourceDate "1999.11.16"]
[SourceVersion "1"]
[SourceVersionDate "1999.11.16"]
[SourceQuality "1"]

1. Nf3 Nf6 2. c4 g6 3. b3 Bg7 4. Bb2 0-0 5. g3 d6 6. d4 c6 7. Nc3 Nbd7 8. Bg2 e5 9. Qc2 Re8 10. dxe5 dxe5 11. e4 Nc5 12. Rd1 Qb6 13. 0-0 Bg4 14. Rd6 Bxf3 15. Bxf3 Qc7 16. Rdd1 Rad8 17. Rxd8 Rxd8 1/2-1/2

[Event "Oberliga Nord N 9899"]
[Site "Germany"]
[Date "1999.??.??"]
[Round "?"]
[White "Thomaschke, Dirk"]
[Black "Schmidt, Wolfgang2222"]
[Result "1-0"]
[WhiteElo "2035"]
[BlackElo "2095"]
[PlyCount "81"]
[EventDate "1998.10.??"]
[EventType "team"]
[EventRounds "9"]
[EventCountry "GER"]
[SourceTitle "EXT 2000"]
[Source "ChessBase"]
[SourceDate "1999.11.16"]
[SourceVersion "1"]
[SourceVersionDate "1999.11.16"]
[SourceQuality "1"]

1. e4 g6 2. d4 Bg7 3. Nc3 c6 4. f4 Qb6 5. Nf3 d5 6. e5 Bg4 7. a3 Nd7 8. Bd3 e6 9. 0-0 h5 10. h3 Bxf3 11. Qxf3 h4 12. Be3 Ne7 13. Ne2 Nf5 14. Bf2 Bf8 15. b3 Be7 16. Rfb1 Qc7 17. c4 Nb6 18. Rc1 Rd8 19. c5 Nd7 20. b4 Nb8 21. Kh1 Kf8 22. Ng1 Re8 23. Qe2 Kg7 24. Nf3 Rh5 25. Qe1 Reh8 26. a4 Qd8 27. Rc2 g5 28. Bxf5 exf5 29. fxg5 Bxg5 30. Nxg5 Qxg5 31. e6 Re8 32. Re2 fxe6 33. b5 Rh6 34. Rb1 Qe7 35. Rb3 Reh8 36. Qb1 Qe8 37. Be3 Rg6 38. Bf4 Nd7 39. bxc6 bxc6 40. Rb7 Kf6 41. Rxd7 1-0

[Event "Pinneberg Winter M class"]
[Site "Pinneberg"]
[Date "1998.12.03"]
[Round "6"]
[White "Thomaschke, Dirk"]
[Black "Bokelbrink, Uwe"]
[Result "1/2-1/2"]
[WhiteElo "2035"]
[BlackElo "2245"]
[PlyCount "82"]
[EventDate "1998.??.??"]
[EventType "tourn"]
[EventRounds "7"]
[EventCountry "GER"]
[SourceTitle "EXT 2002"]
[Source "ChessBase"]
[SourceDate "2001.11.25"]
[SourceVersion "1"]
[SourceVersionDate "2001.11.25"]
[SourceQuality "1"]

1. e4 c5 2. Nf3 Nc6 3. d4 cxd4 4. Nxd4 Nf6 5. Nc3 e5 6. Ndb5 d6 7. Bg5 a6 8. Na3 Be6 9. Nc4 Rc8 10. Ne3 Be7 11. Bxf6 Bxf6 12. Ncd5 Bg5 13. c3 g6 14. g3 0-0 15. h4 Bxe3 16. Nxe3 Ne7 17. Bg2 f5 18. exf5 gxf5 19. Nd5 Rc5 20. Nxe7+ Qxe7 21. Qd2 Kh8 22. 0-0-0 d5 23. Kb1 f4 24. Bh3 fxg3 25. Bxe6 Qxe6 26. fxg3 Rf3 27. g4 Qg6+ 28. Ka1 Qxg4 29. Rhg1 Qf4 30. Qg2 Qf8 31. h5 h6 32. Qe2 e4 33. c4 Rf2 34. Qe3 Qf6 35. Qd4 Rxc4 36. Qxf6+ Rxf6 37. Rxd5 Rc8 38. Re5 Rfc6 39. Kb1 Rc4 40. b3 Rd4 41. Rg6 Rd2 1/2-1/2